|
书名:
|
规模化养猪繁殖实用技术
|
|
|
作者:
|
曾申明
,
刘彦
主编
|
|
出版信息:
|
北京
中国农业出版社
2008.10
|
|
开本页数:
|
21cm 
188页
|
|
丛书名:
|
|
|
单 册:
|
|
|
中图分类:
|
S828
|
|
科图分类:
|
|
|
主题词:
|
猪--zhu--家畜繁殖
|
|
电子资源:
|
|
|
ISBN:
|
978-7-109-12884-2
|
|
000
|
00870nam0 2200277 450
|
|
001
|
552225000050
|
|
005
|
20081205151602.0
|
|
010
|
|
@a978-7-109-12884-2@dCNY10.80
|
|
100
|
|
@a20081204d2008 km y0chiy0120 ea
|
|
101
|
0
|
@achi
|
|
102
|
|
@aCN@b110000
|
|
105
|
|
@aa a 000yy
|
|
106
|
|
@ar
|
|
200
|
1
|
@a规模化养猪繁殖实用技术@Agui mo hua yang zhu fan zhi shi yong ji shu@f曾申明,刘彦主编
|
|
205
|
|
@a第一版
|
|
210
|
|
@a北京@c中国农业出版社@d2008.10
|
|
215
|
|
@a188页@c图@d21cm
|
|
300
|
|
@a现代养猪精品书库
|
|
320
|
|
@a有参考文献(188页)
|
|
330
|
|
@a本书内容包括:猪生殖器官的结构与功能、生殖激素、生殖生理、猪的繁殖周期、繁殖生产管理等。
|
|
606
|
0
|
@a猪@Azhu@x家畜繁殖
|
|
690
|
|
@aS828@v4
|
|
701
|
0
|
@a曾申明@Azeng shen ming@4主编
|
|
701
|
0
|
@a刘彦@Aliu yan@4主编
|
|
801
|
0
|
@aCN@bCDNYKJZYXY@c20081205
|
|
905
|
|
@aCDNYKJZYXY@dS828@e233@f5
|
|
|
|
|
| |
| 规模化养猪繁殖实用技术/曾申明,刘彦主编.-第一版.-北京:中国农业出版社,2008.10 |
| 188页:图;21cm |
| 现代养猪精品书库 |
| |
| ISBN 978-7-109-12884-2:CNY10.80 |
| 本书内容包括:猪生殖器官的结构与功能、生殖激素、生殖生理、猪的繁殖周期、繁殖生产管理等。 |
| ● |
正题名:规模化养猪繁殖实用技术
索取号:S828/233
 
预约/预借
| 序号
|
登录号
|
条形码
|
馆藏地/架位号
|
状态
|
备注
|
|
1
|
226187
|
300226187
|
海科密-1楼/56架11列5层/
[索取号:S828/233]
|
在馆
|
|
|
2
|
226188
|
300226188
|
柳城-4楼/27架1列4层/
[索取号:S828/233]
|
在馆
|
|
|
3
|
226189
|
300226189
|
柳城-4楼/27架1列4层/
[索取号:S828/233]
|
在馆
|
|
|
4
|
226190
|
300226190
|
柳城-4楼/27架1列4层/
[索取号:S828/233]
|
在馆
|
|
|
5
|
226191
|
300226191
|
海科密-1楼/56架11列5层/
[索取号:S828/233]
|
在馆
|
|